| 000 | 01019nam a2200241 a 4500 | ||
|---|---|---|---|
| 001 | 65584 | ||
| 003 | BD-RjUL | ||
| 005 | 20211209081436.0 | ||
| 008 | 170308s1987 bg ||||| |||| 00| 0 d | ||
| 035 | _a(BD-RjUL)65714 | ||
| 040 |
_aBD-RjUL _bben _cBD-RjUL |
||
| 041 | _aben | ||
| 082 |
_223 _a891.44092 _bSHH 1987 |
||
| 100 | 1 |
_aশামসুদ্দীন, আবু জাফর. _9193495 |
|
| 245 | 1 | 0 |
_aহবীবুল্লাহ বাহার : _b১৯০৬ - ১৯৬৬ / _cআবু জাফর শামসুদ্দীন |
| 260 |
_aঢাকা : _bবাংলা একাডেমী, _c১৯৮৭ |
||
| 300 |
_a৬৩ পৃ. ; _c২২ সেমি. |
||
| 490 | _aজীবনী গ্রন্থমালা | ||
| 600 |
_aহবীবুল্লাহ বাহার _d১৯০৬ - ১৯৬৬ _xজ়ীবনী _9194049 |
||
| 600 |
_aHabibullah Bahar _d1906 - 1966 _xBiography _9194050 |
||
| 830 |
_aজীবনী গ্রন্থমালা _9194052 |
||
| 942 |
_2ddc _cBK |
||
| 999 |
_c65584 _d65584 |
||